| 000 | 00409nam a2200169 4500 | ||
|---|---|---|---|
| 005 | 20260513115738.0 | ||
| 008 | 260513b |||||||| |||| 00| 0 eng d | ||
| 020 | _a9781464109324 | ||
| 082 |
_a150 _bHOC-D |
||
| 100 | _aHockenbury Don H. | ||
| 245 | _aDiscovering Psychology | ||
| 250 | _a6th Ed | ||
| 260 |
_aNew York _bWorth Publishers |
||
| 300 | _a623p C-20 | ||
| 650 | _aPsychology | ||
| 942 | _cBK | ||
| 999 |
_c47608 _d47608 |
||